000 00916cam a22001694a 4500
005 20250605163927.0
008 250528s ||||||||||||||||||||||||d
035 _a14580
040 _aGR-AtMCL
_bgre
_dGR-AtMCL
_eAACR2
245 1 _aNew Introductory Lectures on Psychoanalysis / The Pelican Freud Library Volume 2
260 _bPenguin Books,
_c1981
520 _aIntroduction to The Pelican Freud Library, Sigmund Freud: A Sketch of His Life and Ideas by James Strachey, Chronological Tanble, New Introductory Lectures on Psychoanalysis, Editor's Notes, Preface, Revision of the Theory of Dreams, Dreams and Occultism, The Dissection of the Physical Personality, Anxiety and Instinctual Life, Femininity, Expalanations and Applications and Orientations, Bibliography and Author Index, List of Abbreviations, General Index.
700 1 _aFreud Sigmund
_9241
942 _cBK
999 _c204
_d204